Contos para a infância dos irmãos Grimm (Registo nº 49750)

Detalhes MARC
000 -Etiqueta do registo
campo de controlo de comprimento fixo 008320000a22002530004500
001 - Identificador do registo
Campo de controlo 49750
010 ## - ISBN
Número (ISBN) 972-41-0349-8
100 ## - Dados Gerais de Proc.
Dados gerais de processamento 20141124d2014 k y0pory5003 ba
101 0# - Língua da publicação
Língua do texto, banda sonora, etc. Português
102 ## - País de Publicação
País de publicação Portugal
200 1# - Título
Título próprio Contos para a infância dos irmãos Grimm
Primeira menção de responsabilidade adapt. Jorge Magalhães
Outras menções de responsabilidade il. Catherine Labey
210 ## - Publicação, Distribuição
Lugar da edição, distribuição, etc. Rio Tinto
Nome do editor, distribuidor, etc. Asa
Data da publicação, distribuição, etc. 1992
215 ## - Descrição física
Descrição física 48 p.
Outras indicações físicas todo il.
225 2# - Colecção
Título próprio da colecção Histórias maravilhosas em BD
Indicação de volume 3
606 ## - Nome comum
Koha Internal code 2126
Elemento de entrada Literatura juvenil
Subdivisão de assunto Banda desenhada
-- Conto
675 ## - CDU
Notação 821.134.3-34(084.11)
Edição BN
Língua da edição Português
675 ## - CDU
Notação 82-93
Edição BN
Língua da edição Português
700 ## - Responsabilidade principal
Koha Internal Code 29230
Palavra de ordem Magalhães
Outra parte do nome Jorge
Datas 1938-
Código de função Adaptador
702 #1 - Responsabilidade secundária
Koha Internal Code 26572
Código de função Ilustrador
Palavra de ordem Labey
Outra parte do nome Catherine
Datas 1945-
801 ## - Fonte de origem
País Portugal
Data da última transacção 20141124
090 ## - Números de controlo do sistema (Koha)
Número biblioitem do Koha (gerado automaticamente) 49750
942 ## - Elementos de entrada adicionados (Koha)
Tipo de item no Koha Monografias
Suprimido Disponível no OPAC
999 ## - Campo local
Campo local 49750
Exemplares
Removido (estado) Perdido (estado) Data de aquisição Origem do registo (biblioteca) (codificado) Código da organização que empresta ou é detentora (biblioteca) Código de barras Número de inventário Cota Tipo de circulação (não pode ser emprestado) Tipo de item e material
Abatido Disponível 2016-04-27 Biblioteca EB23 D. Paio Peres Correia Biblioteca EB23 D. Paio Peres Correia BEBDPPC3399 3399 82 BD MAG Normal Monografias
Disponível Disponível 2014-11-24 Biblioteca EB23 D. Paio Peres Correia Biblioteca EB23 D. Paio Peres Correia BEDPPC3401 3401 82BD LAB Normal Monografias